000 00673nam a2200205Ii 4500
003 JO-AjNU
008 230605s9999||||xx |||||||||||||| ||und||
040 _aJO-AjNU
_bara
_erda
_cJO-AjNU
041 _aara
050 1 4 _aPJ7862.H68.Z74 1997
100 3 _aتأليف جبري،شفيق,
_eauthor
_913689
245 0 0 _aدراسة عن شوقي: محاضرات ألقيت في كلية الآداب
250 _aط1
264 3 1 _aالقاهرة: دار قتيبة، 1997
300 _a153ص
336 _atext
_btxt
_2rdacontent
337 _aunmediated
_bn
_2rdamedia
338 _avolume
_bnc
_2rdacarrier
650 4 _aالشعرالعربي - تفسير ونقد
_913690
999 _aA3473
_c7041
_d7041